000 00745nam a2200217 i 4500
001 80929
003 ES-MaACL
005 20230906174330.0
007 t|
008 041102s1946 ag ||||1| spa d
100 1 _aHorney, Karen.
_964226
245 1 3 _aLa personalidad neurótica de nuestro tiempo /
_cKaren Horney ; prólogo de Isidro Más de Ayala ; [traducción de Ludovico Rosenthal].
260 _aBuenos Aires :
_bPaidós,
_c1946 (
_fFerrari)
300 _a312 p. ;
_c21 cm.
490 1 _aBiblioteca de psicología profunda
700 1 _aMas de Ayala, Isidro.
_978630
700 1 _aRosenthal, Ludovico.
_999765
830 0 _aBiblioteca de psicología profunda
_9179952
852 _aES-MaACL
_jF-12524
_bR.23589
999 _c80929
_d80929